| 000 | 01001nam a22001937a 4500 | ||
|---|---|---|---|
| 999 |
_c63225 _d63225 |
||
| 003 | Ge_BSU | ||
| 005 | 20250701162705.0 | ||
| 008 | 250701s1972 ge ||||| |||| 00| 0 geo d | ||
| 041 | _ageo | ||
| 080 | _a331.103:658.5 ტ-63 | ||
| 100 |
_aტიხონოვი, ი. _925588 |
||
| 245 |
_aშრომის მეცნიერული ორგანიზაცია და შრომის კულტურის ამაღლება : _b[სამრეწველო საწარმოებში] / _cი. ტიხონოვი ; მთარგმნ.: ბ. დარსაძე. |
||
| 264 |
_aთბილისი : _bსაბჭოთა საქართველო, _c1972. |
||
| 300 |
_a69 გვ. ; _b 20 სმ. |
||
| 653 | _aშრომის მეცნიერული ორგანიზაცია. | ||
| 653 | _aშრომა | ||
| 700 |
_a დარსაძე, ბ. _eმთარგმნელი _925589 |
||
| 942 |
_2udc _cᲬᲘᲒᲜᲘ |
||